000 00415nam a2200157Ia 4500
008 210716s2010 xx 000 0 und d
020 _a9780070700710
041 _aeng
082 _a330 SAMP
100 _aSamuelson, Paul A;Nordhaus, William D.
245 _aEconomics.
250 _a12
260 _aNew Delhi
_bTata McGraw Hill Publishing Company Ltd
_c2010
300 _axxxv,950/1985
650 _aEconomics
999 _c200883
_d200883